| 000 | 00901nam a2200241 a 4500 | ||
|---|---|---|---|
| 005 | 20241012063715.0 | ||
| 008 | 991125s1990 mx 000 0 spa u | ||
| 020 | _a9688530956 | ||
| 035 | _aUPN01000049831 | ||
| 049 | _aCG | ||
| 050 | 4 |
_aRC465 R6.68 _b1990 |
|
| 100 | 1 |
_aRogers, Carl R. _q(Carl Ransom), _d1902-1987 _929448 |
|
| 245 | 1 | 0 |
_aPsicoterapia centrada en el cliente : _bpráctica, implicaciones y teoría / _cCarl R. Rogers ; colab. Elaine Dorfman, Thomas Gordon, Nicholas Hobbs ; introd. Leonard Carmichael ; tr. Silvia Tubert |
| 260 |
_aMéxico : _bPaidós, _c1990 |
||
| 300 | _a459 p | ||
| 440 | 0 | _aBiblioteca de psiquiatría, psicopatología y psicosomática.Serie mayor$v28 | |
| 650 | 4 |
_aPsicoterapia _98720 |
|
| 700 | 1 |
_aDorfman, Elaine, _ecolab. |
|
| 700 | 1 |
_aGordon, Thomas, _d1918-2002, _ecolab. |
|
| 700 | 1 |
_aHobbs, Nicholas, _ecolab. |
|
| 904 |
_aAC _b049833 |
||
| 905 | _aLibro | ||
| 999 |
_c49831 _d49831 |
||